Notion de philosophie (test de rapidité) - Statistiques

Statistiques générales
  • Ce quiz a été pris 793 fois
  • Le résultat moyen est 7 sur 17
Statistiques - réponses
Indice Réponse % Correct
13 Conscience
61%
6 bonheur
60%
16 liberté
56%
3 Religion
49%
10 travail
49%
17 nature
48%
2 Vérité
48%
4 Justice
46%
8 science
42%
1 Technique
41%
14 Inconscient
38%
9 temps
36%
11 raison
34%
15 devoir
28%
5 L'art
19%
12 langage
18%
7 L'état
13%
Aucun quiz correspondant
Distribution des résultats
% des personnes avec chaque résultat
Percentile par nombre de réponses
Votre historique - résultats
Vous n’avez pas pris ce quiz